| 000 | 00412nam a2200145 a 4500 | ||
|---|---|---|---|
| 001 | 000015836 | ||
| 005 | 20200929164154.0 | ||
| 008 | 100219s1994 dr 001 0 spa d | ||
| 040 |
_aDO-SdBNP _bspa _cBNPHU |
||
| 082 |
_axxx _bP969p |
||
| 245 | 0 | 0 | _aProyectos para la reforma del sistema de representación. |
| 260 |
_aSanto Domingo : _bFundación Siglo XXI, _c1994. |
||
| 300 |
_a70 p. ; _c23 cm. |
||
| 049 | _aBNPD | ||
| 999 |
_c15380 _d15380 |
||